Normal view MARC view
  • Marlo Pozo

Entry Personal Name

Number of records used in: 3

001 - CONTROL NUMBER

  • control field: 9252

003 - CONTROL NUMBER IDENTIFIER

  • control field: NUST

005 - DATE AND TIME OF LATEST TRANSACTION

  • control field: 20180120145420.0

008 - FIXED-LENGTH DATA ELEMENTS

  • fixed length control field: 180120|| aca||aabn | a|a d

040 ## - CATALOGING SOURCE

  • Original cataloging agency: NUST
  • Transcribing agency: NUST

100 ## - HEADING--PERSONAL NAME

  • Personal name: Marlo Pozo

670 ## - SOURCE DATA FOUND

  • Source citation: Work cat.: (NUST)327561: Marlo Pozo, God Father, 2015
© 2023 Central Library, National University of Sciences and Technology. All Rights Reserved.